生命保険

Đã lưu trong:
Bibliografiske detaljer
Hovedforfatter: 正田文男
Format: Bog
Sprog:Undetermined
Udgivet: 東京 日本経済新聞社 1985
Fag:
Tags: Tilføj Tag
Ingen Tags, Vær først til at tagge denne postø!
Thư viện lưu trữ: Trung tâm Học liệu Trường Đại học Cần Thơ
LEADER 00451nam a2200181Ia 4500
001 CTU_80662
008 210402s9999 xx 000 0 und d
082 |a 341.766 
082 |b M394 
100 |a 正田文男 
245 0 |a 生命保険 
245 0 |c 正田文男 
260 |a 東京 
260 |b 日本経済新聞社 
260 |c 1985 
650 |a Insurance 
904 |i Ngoc,Hải 
980 |a Trung tâm Học liệu Trường Đại học Cần Thơ